Sporting 5 Youngest ever - Statistics

General Stats
  • This quiz has been taken 4 times
  • The average score is 1 of 15
Answer Stats
Hint Answer % Correct
England international football player Theo Walcott/Wayne Rooney/Jude Bellingham/James Prinsep/Thurston Rostron
67%
Win a tennis grand slam Charlotte Dod/Martina Hingis/Monica Seles/Tracy Austin/Maria Sharapova
33%
Test cricketer Hasan Raza/Mushtaq Mohammed/Mohammed Sharif/Aaqib Javed/Sachin Tendulkar
33%
Win an ODI cricket world cup Aaqib Javed/Moin Khan/Mushtaq Ahmed/Shafali Verma/Radha Yadav
0%
Win a champions league António Simões/Nwankwo Kanu/Patrick Kluivert/Senny Mayulu/Iker Casillas
0%
Win NBA MVP Derrick Rose/Wes Unseld/Bob Pettit/Wilt Chamberlain/Bob McAdoo
0%
Win a Super Bowl Jamal Lewis/Tony Hill/Darius Barnett/Brian Pierce/Bryan Bulaga
0%
Climb Everest Jordan Romero/Malavath Purna/Ming Kipa/Temba Tsheri/Arjun Vajpai
0%
Gold medal at Winter Olympics Kim Yun-Mi/Tara Lipinski/Ko Gi-Hyun/Toni Nieminen/Redmond Gerard
0%
Gold medal at Summer Olympics Marjorie Gestring/Klaus Zerta/Momiji Nishiya/Fu Mingxia/Kusuo Kitamura
0%
Test Hat trick in international cricket Naseem Shah/Abdul Razzaq/Wasim Akram/Alok Kapali/Jermaine Lawson
0%
Score a goal in a champions league final Patrick Kluivert/Senny Mayulu/Carlos Alberto/Désiré Doué/Lars Ricken
0%
Hat trick in major tournaments in international football Pelé/Flórián Albert/László Kiss/Kylian Mbappe/Sandor Kocsis
0%
International rugby player Samuel Lee/George North/Jonny Wilkinson/Gavin Hastings/Sergio Parisse
0%
Break a sporting world record Wang Yan/Thomas Ray/Eric Liddell/Sally Pearson/Yelena Isinbayeva
0%
No matching quizzes found
Score Distribution
Percent of People with Each Score
Percentile by Number Answered
Your Score History
You have not taken this quiz